000 00613nam a2200217Ia 4500
005 20241129120142.0
008 241129s9999||||xx |||||||||||||| ||und||
020 _a9781032763989
037 _aTB
040 _aSDCL
_beng
_cSDCL
041 _aeng
_2eng
084 _aV:(G:55).2'P, R4
_qSDCL
100 _aSaravanan Velayutham
_9724215
245 0 _aColonialism and wildlife: An environmental history of moden India
260 _aLondon
_bRoutledge
_c2024
300 _axiii,206p.
365 _aINR
_b1295
650 _aHistory
942 _cTB
_hV:(G:55).2'P, R4
999 _c1233570
_d1233570